La televisión y los jóvenes /
Guardado en:
| Autor Principal: | |
|---|---|
| Formato: | Libro |
| Publicado: |
Buenos Aires :
Estrada,
1970
|
| Series: | Bibl. de Ciencias de la Educ.
|
| Materias: | |
| Etiquetas: |
Agregar Etiqueta
Sin Etiquetas, Sea el primero en etiquetar este registro!
|
| LEADER | 01034nam a22002295a 4500 | ||
|---|---|---|---|
| 001 | CEM.cems006599 | ||
| 005 | 20060214000000.0 | ||
| 008 | 130507s1970##################000#0#####d | ||
| 003 | CEMS | ||
| 082 | 0 | 4 | |a 371.3358 |
| 100 | 1 | |a Volpicelli, Luigi | |
| 245 | 1 | 0 | |a La televisión y los jóvenes / |
| 260 | |a Buenos Aires : |b Estrada, |c 1970 | ||
| 300 | |a 162 p. | ||
| 490 | 0 | |a Bibl. de Ciencias de la Educ. | |
| 505 | 0 | |a Investigaciónes, planteamientos y l¡mites.- ¨Hasta que punto son valorables los efectos de las comunicaciónes de masa sobre un p£blico juvenil?.- Problem tica del disfrute televisivo entre las otras actividades del tiempo libre del joven.- La familia y las experiencias televisivas de los j¢venes.- Televisi¢n, sociedad y cultura.- Televisi¢n y escuela.- Televisi¢n en la Argentina.- | |
| 653 | |a Comunicacion | ||
| 653 | |a Educacion | ||
| 653 | |a Medios audiovisuales | ||
| 653 | |a Sociologia de la educacion | ||
| 653 | |a Television educativa | ||
| 859 | |a CEMS |b BIB. CEMS - 11 de abril |h 371.3358 |i V888 |p 8201.80 |t Ej.1 | ||
